Obras : (Record no. 2432)
[ view plain ]
| 000 -CABECERA | |
|---|---|
| campo de control de longitud fija | 00852cam a2200241 a 4500 |
| 001 - NÚMERO DE CONTROL | |
| campo de control | 000002596 |
| 005 - FECHA Y HORA DE LA ÚLTIMA TRANSACCIÓN | |
| campo de control | 20200929150224.0 |
| 008 - DATOS DE LONGITUD FIJA--INFORMACIÓN GENERAL | |
| campo de control de longitud fija | 831207s1983 nq 001 0 spa |
| 040 ## - FUENTE DE LA CATALOGACIÓN | |
| Centro catalogador/agencia de origen | DO-SdBNP |
| Centro/agencia transcriptor | DLC |
| Centro/agencia modificador | DLC |
| -- | OCoLC |
| 082 ## - NÚMERO DE LA CLASIFICACIÓN DECIMAL DEWEY | |
| Número de clasificación | N861.42 |
| Número de documento/Ítem | M828ó, 1983 |
| 100 1# - ENTRADA PRINCIPAL--NOMBRE DE PERSONA | |
| Nombre de persona | Morales Avilés, Ricardo, |
| Fechas asociadas al nombre | 1939-1973. |
| 9 (RLIN) | 8177 |
| 245 10 - MENCIÓN DE TÍTULO | |
| Título | Obras : |
| Resto del título | no pararemos de andar jamás / |
| Mención de responsabilidad, etc. | Ricardo Morales Avilés. |
| 250 ## - MENCIÓN DE EDICIÓN | |
| Mención de edición | 2a ed. |
| 260 ## - PUBLICACIÓN, DISTRIBUCIÓN, ETC. | |
| Lugar de publicación, distribución, etc. | Managua, Nicaragua : |
| Nombre del editor, distribuidor, etc. | Nueva Nicaragua, |
| Fecha de publicación, distribución, etc. | 1983. |
| 300 ## - DESCRIPCIÓN FÍSICA | |
| Extensión | 172 p. ; |
| Dimensiones | 22 cm. |
| 440 #0 - MENCIÓN DE SERIE/PUNTO DE ACCESO ADICIONAL--TÍTULO | |
| Título | Pensamiento vivo ; |
| Designación de volumen o secuencia | 3 |
| 9 (RLIN) | 8178 |
| 500 ## - NOTA GENERAL | |
| Nota general | Bibliografía: p. 172 |
| 534 ## - NOTA SOBRE LA VERSIÓN ORIGINAL | |
| Encabezamiento principal del original | Título de la primera edición: Prosa política y poemas, 1981. |
| 650 #4 - PUNTO DE ACCESO ADICIONAL DE MATERIA--TÉRMINO DE MATERIA | |
| Término de materia o nombre geográfico como elemento de entrada | Poesía nicaraguense |
| 9 (RLIN) | 8179 |
| 650 #4 - PUNTO DE ACCESO ADICIONAL DE MATERIA--TÉRMINO DE MATERIA | |
| Término de materia o nombre geográfico como elemento de entrada | Literatura nicaraguense |
| 9 (RLIN) | 8180 |
| 710 2# - PUNTO DE ACCESO ADICIONAL--NOMBRE DE ENTIDAD CORPORATIVA | |
| Nombre de entidad corporativa o nombre de jurisdicción como elemento de entrada | Instituto de Estudio del Sandinismo. |
| 9 (RLIN) | 8181 |
| 910 ## - DATOS DE OPCIÓN DEL USUARIO (OCLC) | |
| Datos de opción del usuario | Catalogación por copia / LC |
| Estado de retiro | Estado de pérdida | Restricciones de uso | No para préstamo | Código de colección | Localización permanente | Ubicación/localización actual | Ubicación en estantería | Fecha de adquisición | Número de inventario | Total de préstamos | Signatura topográfica completa | Código de barras | Fecha visto por última vez | Precio válido a partir de | Tipo de ítem Koha |
|---|---|---|---|---|---|---|---|---|---|---|---|---|---|---|---|
| Préstamo interno | Monografías: Libros y Folletos | General | General | Depósito | 07.07.2009 | LF1 | N861.42 M828ó, 1983 | 2596-10 | 25.06.2020 | 25.06.2020 | Préstamo interno |
